Úprava základu dane o neuhradené záväzky
Zvyšovanie základu dane z príjmov právnickej osoby o neuhradené záväzky. Pre daňovníka, ktorý neuhradil svoje záväzky v stanovenej lehote splatnosti alebo ich neuhradil v plnej výške, stanovuje zákon o dani z príjmov v z. n. p. povinnosť zvýšiť základ dane, tzn. povinnosť dodaniť neuhradené záväzky....
Salvato in:
| Autore principale: | |
|---|---|
| Natura: | Capitolo di libro |
| Lingua: | slovacco |
| Soggetti: | |
| Tags: |
Nessun Tag, puoi essere il primo ad aggiungerne!!
|
MARC
| LEADER | 00000naa a2200000 4500 | ||
|---|---|---|---|
| 001 | 0289177 | ||
| 005 | 20221202172148.9 | ||
| 041 | 0 | |a slo | |
| 044 | |a SK | ||
| 245 | 1 | 0 | |a Úprava základu dane o neuhradené záväzky |c Sidónia Jakubovie |
| 520 | |a Zvyšovanie základu dane z príjmov právnickej osoby o neuhradené záväzky. Pre daňovníka, ktorý neuhradil svoje záväzky v stanovenej lehote splatnosti alebo ich neuhradil v plnej výške, stanovuje zákon o dani z príjmov v z. n. p. povinnosť zvýšiť základ dane, tzn. povinnosť dodaniť neuhradené záväzky. Výška, o ktorú daňovník v zdaňovacom období zvyšuje základ dane, závisí od doby, ktorá uplynula od splatnosti takéhoto záväzku. Zníženie základu dane, ak následne dôjde k úhrade takto dodaneného záväzku, k jeho premlčaniu a pod. | ||
| 610 | 2 | 0 | |a účtovníctvo daňové |
| 610 | 2 | 0 | |a dane z príjmov |
| 610 | 2 | 0 | |a zdaňovanie |
| 610 | 2 | 0 | |a daňovníci |
| 610 | 2 | 0 | |a osoby právnické |
| 610 | 2 | 0 | |a základ dane |
| 610 | 2 | 0 | |a záväzky |
| 100 | 1 | |a Jakubovie, Sidónia | |